Mere Bhi Sanam Khane /میرے بھی صنم خانے (Urdu) / (Record no. 187986)

000 -LEADER
fixed length control field 00428 a2200157 4500
003 - CONTROL NUMBER IDENTIFIER
control field NUST
005 - DATE AND TIME OF LATEST TRANSACTION
control field 20230309125616.0
040 ## - CATALOGING SOURCE
Transcribing agency Nust
082 ## - DEWEY DECIMAL CLASSIFICATION NUMBER
Classification number 891.4391,QUR
100 ## - MAIN ENTRY--PERSONAL NAME
Personal name Quratulain, Haider
9 (RLIN) 76664
245 ## - TITLE STATEMENT
Title Mere Bhi Sanam Khane /میرے بھی صنم خانے (Urdu) /
Statement of responsibility, etc. Quratulain Haider
260 ## - PUBLICATION, DISTRIBUTION, ETC.
Place of publication, distribution, etc. Lahore
Name of publisher, distributor, etc. Sange Meel
Date of publication, distribution, etc. 1995
300 ## - PHYSICAL DESCRIPTION
Extent 320 p.;
650 ## - SUBJECT ADDED ENTRY--TOPICAL TERM
Topical term or geographic name entry element Urdu Literature
942 ## - ADDED ENTRY ELEMENTS (KOHA)
Source of classification or shelving scheme
Koha item type Book
Call number prefix 891.439,QUR
Holdings
Withdrawn status Lost status Source of classification or shelving scheme Damaged status Not for loan Permanent Location Current Location Shelving location Date acquired Total Checkouts Full call number Barcode Date last seen Date last checked out Price effective from Koha item type Public note
          Military College of Signals (MCS) Military College of Signals (MCS) General Stacks 12/12/2016 1 891.439,QUR MCS26503 07/11/2025 09/26/2023 12/12/2016 Book Almirah No.65, Shelf No.4
© 2023 Central Library, National University of Sciences and Technology. All Rights Reserved.